Movies Quiz

Random Movies Quiz
Score 0/19 Timer 02:00
0 Plays Today
Answer % Correct
the
95.9%
games
94.6%
and
93.2%
patriot
93.2%
for
91.9%
danger
90.5%
hunt
90.5%
october
90.5%
red
90.5%
all
89.2%
Answer % Correct
clear
89.2%
present
89.2%
fears
87.8%
sum
87.8%
of
86.5%
shadow
81.1%
recruit
79.7%
Jack
74.3%
Ryan
74.3%

You're not logged in!

Compare scores with friends on all Sporcle quizzes.
OR
Log In

Sporcle TV

Today on Sporcle TV


Watch our educational content, quiz creation guides, and fun videos on Sporcle TV.

Show Comments

Extras

Created Sep 11, 2015ReportNominate
Tags:Tom Clancy

Top Quizzes Today


Score Distribution

Paid Content

Your Account Isn't Verified!

In order to create a playlist on Sporcle, you need to verify the email address you used during registration. Go to your Sporcle Settings to finish the process.

Report this User

Report this user for behavior that violates our Community Guidelines.

Details: